Readings in microeconomics
Saved in:
| Main Authors: | , |
|---|---|
| Format: | Bog |
| Sprog: | engelsk |
| Udgivet: |
Nueva York
Holt, Rinehart and Winston
1971
|
| Udgivelse: | 2a. ed |
| Serier: | Economic Series
|
| Fag: | |
| Tags: |
Tilføj Tag
Ingen Tags, Vær først til at tagge denne postø!
|
MARC
| LEADER | 00000nam a2200000 a 4500 | ||
|---|---|---|---|
| 001 | UCT8306 | ||
| 003 | CL-VaPUC | ||
| 008 | 970326e19710000US |||||||||||||||||eng|d | ||
| 082 | 0 | 4 | |a 338.5 |b BRE |2 21 |
| 100 | 0 | |a Breit, William |e author |9 379965 | |
| 700 | 0 | |a Hochman, Harold M |e author |9 379966 | |
| 245 | 1 | 0 | |a Readings in microeconomics |
| 250 | |a 2a. ed | ||
| 300 | |a 570 p | ||
| 942 | |c BK | ||
| 945 | |d 19970326 00:00:00 |a nastorga | ||
| 260 | |a Nueva York |b Holt, Rinehart and Winston |c 1971 | ||
| 650 | 0 | |a Microeconomía |9 258126 | |
| 650 | 7 | |a SISTEMA ECONOMICO |2 CL-VaPUC |9 375985 | |
| 650 | 7 | |a DEMANDA |2 CL-VaPUC |9 255172 | |
| 650 | 7 | |a COMSUMISMO |2 CL-VaPUC |9 379967 | |
| 650 | 0 | |a Mercado |9 321497 | |
| 650 | 7 | |a MONOPOLIO |2 CL-VaPUC |9 368825 | |
| 650 | 7 | |a RECURSOS |2 CL-VaPUC |9 338276 | |
| 583 | |a last modification |c 19970326 00:00:00 |k Rodrigo Vera | ||
| 490 | 0 | |a Economic Series | |
| 999 | |c 256816 |d 256814 | ||
| 952 | |0 0 |1 0 |4 0 |6 338_500000000000000_BRE_1971 |7 0 |8 P |9 279800 |a BIBGIM |b BIBGIM |d 2019-11-19 |i 3277909 |o 338.5 BRE 1971 |p 3277909 |r 2025-01-15 |w 2019-11-19 |y BK |k COM | ||